000 00366nam a2200157Ia 4500
008 210210b1951 xxu||||| |||| 00| 0 eng d
041 _aeng
082 _a514/16
100 _aCELL (John W)
245 _aAnalytic geometry
260 _aNew York
_bJohn Wiley and Sons
_c1951
650 _ageometry
650 _aAnalytic
690 _aGeometry
906 _a007462
999 _c139956
_d139956